Apulée (Record no. 24967)

MARC details
000 -LEADER
campo de control de longitud fija 00749nam a2200229 i 4500
001 - NÚMERO DE CONTROL
campo de control 24967
003 - IDENTIFICADOR DE NÚMERO DE CONTROL
campo de control ES-MaACL
005 - FECHA Y HORA DE LA ÚLTIMA TRANSACCIÓN
campo de control 20230906153154.0
007 - CAMPO FIJO DE DESCRIPCIÓN FÍSICA--INFORMACIÓN GENERAL
campo de control de longitud fija t|
008 - DATOS DE LONGITUD FIJA--INFORMACIÓN GENERAL
campo de control de longitud fija 021219s1924 fr ||||1| fre d
100 1# - ENTRADA PRINCIPAL--NOMBRE DE PERSONA
Nombre de persona Apuleyo, Lucio.
9 (RLIN) 22131
245 10 - MENCIÓN DEL TÍTULO
Título Apulée
Resto del título : ; Apologie ; Florides /
Mención de responsabilidad, etc. Lucio Apuleyo ; texte établi et traduit par Paul Vallette.
260 ## - PUBLICACIÓN, DISTRIBUCIÓN, ETC.
Lugar de publicación, distribución, etc. París :
Nombre del editor, distribuidor, etc. Societé d'Edition "Les Belles Lettres",
Fecha de publicación, distribución, etc. 1924 (
Fabricante Macon Protat Freres)
300 ## - DESCRIPCIÓN FÍSICA
Extensión XLI, 172 h. ;
Dimensiones 21 cm.
490 1# - MENCIÓN DE SERIE
Mención de serie Collection des Universités de France
700 1# - ENTRADA AGREGADA--NOMBRE PERSONAL
Nombre de persona Vallette, Paul.
9 (RLIN) 112909
740 0# - ENTRADA AGREGADA--TÍTULO RELACIONADO/ANALÍTICO NO CONTROLADO
Título relacionado o analítico no controlado Apologie.
740 0# - ENTRADA AGREGADA--TÍTULO RELACIONADO/ANALÍTICO NO CONTROLADO
Título relacionado o analítico no controlado Florides.
830 0# - PUNTO DE ACCESO ADICIONAL DE SERIE-TÍTULO UNIFORME
Título uniforme Collection des Universités de France
9 (RLIN) 180876
852 ## - LOCALIZACIÓN
Ubicación ES-MaACL
Número de control de estantería C-6813
Holdings
Estatus retirado Estado de pérdida Estado de daño No para préstamo Biblioteca de origen Biblioteca actual Ubicación en estantería Fecha de adquisición Fuente de adquisición Total de préstamos Signatura topográfica completa Código de barras Visto por última vez Precio de reemplazo Tipo de ítem Koha
        Biblioteca del Ateneo de Madrid Biblioteca del Ateneo de Madrid Sala Palomar 17/01/2008     C-6813 1025742 23/02/2023 23/02/2023 Libro impreso